000 00617nam a2200229 a 4500
005 20140310183458.0
008 091207s19uu xx 00 eng d
020 _a9781593854454
050 _aHQ 755.8
_b.D39 2009
100 _aDawson, Peg
245 _aSmart but scattered. /
260 _aNew York :
_bThe Guilford Press,
_c2009.
300 _a314 p. :
_c24 cm.
521 _aEDU
650 _aParenting.
650 _aExecutive ability in children.
650 _aChildren
_xLife skills guides.
650 _aChild development.
700 _aGuare, Richard
942 _cBK
_2lcc
_kFOR
999 _c23758
_d23758